000 00497nam a2200181Ia 4500
003 GCL
008 140319s9999 xx 000 0 ara d
040 _aGCL /
_cGCL
082 0 4 _a366.1
_bع ج
100 1 _aعلى ادهم
245 1 0 _aالجمعبات السرية /
_cعلى ادهم
260 _a[S.N] :
_bدار المعارف ،
_c1954
300 _a159 ص
490 _aاقرأ
_v0
650 0 4 _aالجمعيات السرية
650 0 4 _aالاسماعيلية
942 _2ddc
_cBK
999 _c50914
_d50914